000 00380nam a2200169Ia 4500
008 170705s9999 xx 000 0 und d
020 _a9780545260282
245 _aAbduction! /
245 _cPeg Kehret.
260 _aNew York :
260 _bScholastic,
260 _c2004
300 _a215 pages :
300 _bcolor illustration ;
300 _c19cm.
500 _a760
999 _c336369
_d336369